| 000 | 00445nam a22001697a 4500 | ||
|---|---|---|---|
| 003 | CEME | ||
| 005 | 20210628205450.0 | ||
| 008 | 210304b xxu||||| |||| 00| 0 eng d | ||
| 020 | _a9971-50-307-7 | ||
| 040 | _c. | ||
| 082 | _a523.01 REL'U | ||
| 100 |
_aUlmer, Melville P _975691 |
||
| 245 | _aRelativistic astrophysics 13th texas symposium dec 14-19 1986 | ||
| 260 |
_aSIGAPORE _bWORLD SIECTIFIC _c1987 |
||
| 300 | _a634P | ||
| 942 |
_cBK _2ddc |
||
| 999 |
_c581082 _d581082 |
||